Normal view MARC view

Entry Personal Name

Number of records used in: 1

001 - CONTROL NUMBER

  • control field: 11083

003 - CONTROL NUMBER IDENTIFIER

  • control field: OSt

005 - DATE AND TIME OF LATEST TRANSACTION

  • control field: 20160921183156.0

008 - FIXED-LENGTH DATA ELEMENTS

  • fixed length control field: 160921|| aca||aabn | a|a d

040 ## - CATALOGING SOURCE

  • Original cataloging agency: OSt
  • Transcribing agency: OSt

100 ## - HEADING--PERSONAL NAME

  • Personal name: Felten,L.David;Shetty,N.Anil;

670 ## - SOURCE DATA FOUND

  • Source citation: Work cat.: (OSt): Felten,L.David;Shetty,N.Anil;, Netter's atlas of Neuroscience., 2010